| 000 | 00420nam a2200157Ia 4500 | ||
|---|---|---|---|
| 003 | GCL | ||
| 008 | 140319s9999 xx 000 0 eng d | ||
| 040 |
_aGCL / _cGCL |
||
| 082 | 0 | 4 |
_a371.904487 _bM V |
| 100 | 1 | _aMURAT, ANDREE | |
| 245 | 1 | 0 |
_aVOTRE ENFANT ET LA MUSIQUE / _cMURAT, ANDREE |
| 260 |
_a[S.N] : _bFRANCIS VAN DE VELDE ، _c1989 |
||
| 300 | _a190 P | ||
| 650 | 0 | 4 | _aMUSIC - JUVENILE CHILDREN |
| 942 |
_2ddc _cBK |
||
| 999 |
_c12563 _d12563 |
||